00222nam a2200085Ia 4500008004100000082001700041100001600058245005400074300000800128210430s9999 xx 000 0 und d a327.42 V835M aDavid Vital 4aThe Making of British Foreign PolicycDavid Vital a119